History Quiz

Random History or Discovery Quiz
Score 0/16 Timer 05:00
5 Plays Today
% Correct
Statue of Liberty
93.6%
Mount Rushmore
88.9%
Alamo
87.4%
Old Faithful
85.9%
Spaceship Earth
83.3%
Lincoln Memorial
81.6%
Hoover Dam
80.2%
Liberty Bell
78.5%
% Correct
Washington Monument
76.5%
Grand Canyon
74.7%
Niagara Falls
71.4%
Space Needle
66.7%
Hollywood Sign
64.7%
Crater Lake
64.1%
Cloud Gate
56.3%
Gateway Arch
39.5%
Remove Ads.
Support Sporcle.
Get the best of Sporcle when you Go Orange. This ad-free experience offers more features, more stats, and more fun while also helping to support Sporcle. Thank you for becoming a member.

You're not logged in!

Compare scores with friends on all Sporcle quizzes.
OR
Log In

Show Comments

Extras

Top Quizzes Today


Score Distribution

Your Account Isn't Verified!

In order to create a playlist on Sporcle, you need to verify the email address you used during registration. Go to your Sporcle Settings to finish the process.

Report this User

Report this user for behavior that violates our Community Guidelines.

Details: